000 01489nam a2200457 i 4500
001 40558
003 KOSZ 005
005 20191010083307.0
008 020328s2001 pl a f |001 0 pol
015 _aPB 2002/5682
020 _a8321341926
_a8321641926
035 _a(OCoLC)830289145
040 _aWA N
_cWA N
_dKOSZ 005/HR
041 0 _apol
046 _k1977
080 _a628.8
080 _a697
080 _a(07)
100 1 _aJones, W. P.
_d(1922- ).
_eAutor
245 1 0 _aKlimatyzacja /
_cW. P. Jones ; tł. z ang. Andrzej Girdwoyń [et al.].
246 1 _iTyt. oryg.:
_aAir conditioning engineering,
_f1977.
250 _aWyd. 2.
260 _aWarszawa :
_b"Arkady",
_c2001.
300 _a519, [1] s. :
_bil. ;
_c25 cm.
336 _2rdacontent
_aWolumin
_btxt
337 _2rdamedia
_aBez urządzenia pośredniczącego
_bn
338 _2rdacarrier
_aWolumin
_bnc
380 _aKsiążki.
380 _aPublikacje fachowe
388 _a1901-2000
388 _a2001-
500 _aTyt. oryg.: Air conditioning engineering, 1977. - Na s. red. błędny ISBN.
504 _aBibliogr. przy rozdz. Indeks.
658 _aInżynieria i technika
655 4 _aPodręcznik
650 4 _aKlimatyzacja
700 1 _aGirdwoyń, Andrzej
_d(?-2016).
_eTłumaczenie
710 2 _aWydawnictwo "Arkady".
_4pbl.
856 _uhttp://koha.tu.koszalin.pl/cgi-bin/koha/opac-detail.pl?biblionumber=40558
_yKatalog online BPK
942 _2UKD
_cKS
999 _c40558
_d40558